00820 2200301 4500001002100000005001500021020002200036035002400058040001200082082001800094084001800112090001800130100001600148245009800164250001000262260003200272300003600304650003100340700002000371700001800391850001200409990001600421990001600437990001600453990001600469990001600485990001700501YOGYA00000000010024620140823125325 a978-602-8811-85-9 0010-111300000000362 aYOPDYOG 2[22]a899.223 a899.223 Joc I a899.223 Joc I aJO-CHANG-IN aI will always love you/cJo-Chang-In;cpenerjemah Pradita Nurmaya;cpenyunting Nunung Wiyati. aCet.1 aYogyakarta:bBentang,c2012 a387 hlm.:bilus.;c20cm.(3 eks) aFiksi Indonesia-Terjemahan aPradita Nurmaya aNunung Wiyati aYOPDYOG a3981/B.2013 a3982/B.2013 a3983/B.2013 a3982/B.2013 a3981/B.2013 a3983-PD/B.13